Tâm lí học đại cương : Dùng cho các trường ĐH và CĐSP

Saved in:
Bibliographic Details
Main Author: Nguyễn, Quang Uẩn
Format: Book
Language:Undetermined
Published: Hà Nội Giáo dục 1995
Subjects:
Tags: Add Tag
No Tags, Be the first to tag this record!
Institutions: Trung tâm Học liệu Trường Đại học Cần Thơ
LEADER 00628nam a2200193Ia 4500
001 CTU_4396
008 210402s9999 xx 000 0 und d
082 |a 150.1 
082 |b U502 
100 |a Nguyễn, Quang Uẩn 
245 0 |a Tâm lí học đại cương : 
245 0 |b Dùng cho các trường ĐH và CĐSP 
245 0 |c Nguyễn Quang Uẩn (chủ biên), Trần Hữu Luyến, Trần Quốc Thành 
260 |a Hà Nội 
260 |b Giáo dục 
260 |c 1995 
650 |a Psychology 
904 |i Qhieu sửa 
980 |a Trung tâm Học liệu Trường Đại học Cần Thơ